00773nam a2200193 a 450000100100000000500170001000800410002702000150006804000250008308200150010810000250012324501620014826000320031030000210034250400420036370000440040595201130044999900170056200003547720200930074354.0111101s1995 sp 000 0 spa d a958043199x aDO-SdBNPbspacBNPHU axxxxbxxxx1 aChampy, James96134510aReingeniería en la gerencia :bcómo modificar el trabajo gerencial para rediseñar con éxito /cJames Champy ; traducción Jorge Cárdenas Nannetti. aBarcelona, :bNorma,c1995. a244 p. ;c23 cm. aIncluye notas al pie de las páginas1 aCárdenas Nannetti, Jorge,etr.942922 001050718MOaGRbGRcHDd2011-11-01iLF1l0oxxxx xxxxp35477-10r2020-06-25w2020-06-25y1ZNo se presta c34968d34968